| 000 | 00540nam a2200181 a 4500 | ||
|---|---|---|---|
| 001 | 000023406 | ||
| 005 | 20240305134030.0 | ||
| 008 | 101206nuuuuuuuusp r 000 0 spa d | ||
| 040 |
_aDO-SdBNP _bspa _cBNPHU |
||
| 082 |
_aG863.42 _bG633f |
||
| 100 | 1 |
_aGómez Carrillo, Enrique, _d1873-1927 _916677 |
|
| 245 | 1 | 0 |
_aFez, la Andaluza / _cEnrique Gómez Carrillo. |
| 260 |
_aMadrid : _bRenacimiento, _c[s. f.]. |
||
| 300 |
_a237 p. ; _c19 cm. |
||
| 650 | 4 |
_aNovela guatemalteca _95392 |
|
| 650 | 4 |
_aLiteratura guatemalteca _95393 |
|
| 049 | _aBNGR | ||
| 999 |
_c22903 _d22903 |
||